Responses for Show #1081 - Monday, April 24, 1989

Joel Sacks game 4.

Contestants

[<< previous game]

Peggy Lynch, a homemaker from Tokyo, Japan

Maurice Berg, a teacher and department chairman from Warwick, Rhode Island (whose 1-day cash winnings total $15,200)

Joel Sacks, an administrator from Columbia, Maryland (whose 3-day cash winnings total $39,251)

[next game >>]

Jeopardy! Round responses

1981
SHOPPING
LANGUAGES
GAMES
COUNTRY CROONERS
STARTS WITH "Z"
    $100 14
the Iranian hostages

Joel
    $100 5
(Maurice: What is Creole?)

French

MauricePeggy
    $100 1
check

Joel
    $100 3
Roy Rogers

Joel
    $100 21
zed

Joel
    $200 15
the air traffic controllers

Maurice
    $200 6
Danish

Maurice
    $200 2
(Peggy: 1 or 10.)
...
(Alex: [To Peggy] Remember to phrase it in the form of a question.)

1 & 11

MauricePeggy
    $200 7
Glen Campbell

Peggy
    $200 22
[The end-of-round signal sounds.]

a zygote

Peggy
    $300 16
Hill Street Blues

Joel
    $300 8
German

Maurice
    $300 4
the dummy

Peggy
    $300 11
George Jones

Maurice
    $400 17
the Vietnam War Memorial

Peggy
    $400 18
(Maurice: What is Australia?)
...
(Alex: [After the next clue selection] In less than a minute in the round.)

North America

MauricePeggy
    $600 9
(Alex: Maurice?)
(Maurice: What is rummy?)

charades

Maurice
    $400 12
(Maurice: Who is Crystal Gayle?)

(1 of) Brenda Lee or Juice Newton

Maurice
Triple Stumper
    $500 20
Simon & Garfunkel

Joel
    $500 19
(Peggy: What is Iran?)

Afghanistan

JoelPeggy
    $500 10
50

Maurice
    $500 13
Waylon Jennings

Triple Stumper

Scores at the first commercial break (after clue 9):

Joel Maurice Peggy
$200 $0 $400

Scores at the end of the Jeopardy! Round:

Joel Maurice Peggy
$1,700 $200 $900

Double Jeopardy! Round responses

AMERICAN WRITERS
ROYALTY
TECHNOLOGY
THE UNITED NATIONS
ACTRESSES
DIRECTIONAL GEOGRAPHY
    $200 14
Moss Hart

Peggy
    $200 13
Haile Selassie

Joel
    $200 1
stylus

Joel
    $200 7
a mission

Peggy
    $200 6
Mae West

Joel
    $200 16
south

Peggy
    $400 23
Dorothy Parker

Peggy
    $400 15
flying faster than the speed of sound (breaking the sound barrier)

Joel
    $400 2
(Alex: I hope they never them out there; I hate that.)

resets it to zero

Triple Stumper
    $400 8
China

Joel
    $400 12
Carolyn Jones

Peggy
    $400 17
(Maurice: What is Louisiana?)
(Joel: What is Missouri?)

Florida

JoelMauricePeggy
    $600 28
Sholem Aleichem

Maurice
    $600 24
Thailand

Peggy
    $600 3
a mainspring

Joel
    $2,000 9
the Soviet Union

Joel
    $600 20
Hayley Mills

Maurice
    $600 18
(Peggy: What is... Quebec?)
...
(Alex: A little bit of the province of [*] comes in south of the city of Detroit, Michigan.)

Ontario

Peggy
Triple Stumper
    $800 29
O. Henry

Triple Stumper
    $2,000 25
Richard (the Lionheart) & (King) John

Peggy
    $800 4
the solar system

Joel
    $800 10
truces

Triple Stumper
    $800 21
(Alex: Who is Mrs. Steven Spielberg, [*].)
[NOTE: The couple announced their divorce on the same day this game aired, April 24, 1989.]

Amy Irving

Triple Stumper
    $800 19
Norway

Maurice
    $1000 30
William Cullen Bryant

Triple Stumper
    $1000 26
Princess Caroline (of Monaco)

Peggy
    $1000 5
television cameras

Maurice
    $1000 11
Cuba

Joel
    $1000 22
Mary Astor

Maurice
    $1000 27
New Zealand

Maurice

Scores at the end of the Double Jeopardy! Round:

Joel Maurice Peggy
$7,100 $4,800 $5,700

[wagering suggestions for these scores]

Final Jeopardy! Round responses

THE 1988 ELECTION
(Alex: [To Maurice] The District of Columbia is not a state.)
MauriceWhat are RI and DC?
$2,301
PeggyWhat is Minn. &
$5,600
JoelWhat are NY NY & Minn
$4,301
(2 of) Rhode Island, Minnesota, New York, Hawaii, Iowa, Oregon, Washington, West Virginia or Wisconsin

Final scores:

Joel Maurice Peggy
$11,401 $2,499 $100
4-day champion: $50,652 2nd place: Casio music system & Jane Wooster Scott serigraph The Dow is Up courtesy of Scott Arts Graphics 3rd place: Oneida gift certificate

Game dynamics:

Coryat scores:

Joel Maurice Peggy
$5,700 $5,400 $4,500
16 R
(including 1 DD),
1 W
12 R,
5 W
(including 1 DD)
15 R
(including 1 DD),
3 W

Combined Coryat: $15,600

[game clues] [game scores] [suggest correction]

Game tape date: 1988-12-20
The J! Archive is created by fans, for fans. Scraping, republication, monetization, and malicious use prohibited; this site may use cookies and collect identifying information. See terms. The Jeopardy! game show and all elements thereof, including but not limited to copyright and trademark thereto, are the property of Jeopardy Productions, Inc. and are protected under law. This website is not affiliated with, sponsored by, or operated by Jeopardy Productions, Inc. Join the discussion at JBoard.tv.